000 02286nam a22002417a 4500
999 _c58780
_d58780
003 Ge_BSU
005 20220722151118.0
008 220722s2015ge xxu||||| |||| 00| 0 geo d
020 _a9789941084416
041 _ageo
080 _a005.8 ბ-20
100 _aბალთზერსენი, ჯონი
_914474
245 _aპროექტის წერა და დიზაინი. ნაწ. 1. კავკასიაში პროექტის წარმატებით შემუშავების სახელმძღვანელო - ლოგიკურ-სტრუქტურული მიდგომის საფუძველზე : ნაწ. 2. "პროექტის შემუშავების ინსტრუმენტები" /
_cჯონი ბალთზერსენი ; რედ.: კატარინა რეში, ანნე კალაშეკი, ჯონი ბალთზერსენი ; თანაავტორები : სიპან არევშატიანი, ჯონი ბალთზერსენი, ლელა იოსავა, რაზია ისაევა.
264 _aთბილისი :
_bდავით ტვილდიანის სახ. სამედ. უნ-ტი,
_c2015.
300 _a115 გვ.:
_c30 სმ.
_b + 1 CD
501 _aპუბლიკაცია შემუშავებული იქნა ტემპუსის პროექტის ”პროექტის შემქმნელთა უნარ-ჩვევების ტრენინგი კავკასიაში” ფარგლებში და დაფინანსებულია ევროკომისიის მხარდაჭერით.
653 _aპროექტების დაგეგმვა.
653 _aპროექტების შექმნა.
700 _aრეში, კატარინა
_eრედაქტორი
_914475
700 _aკალაშეკი, ანნე
_eრედაქტორი
_914476
700 _aბალთზერსენი, ჯონი
_eრედაქტორი
_914474
942 _2udc
_cBK